Economic theory in retrospect

Saved in:
书目详细资料
主要作者: Mark Blaug
格式: 图书
出版: London : Heinemann Educational Books, 1977
版:2nd ed.
主题:
标签: 添加标签
没有标签, 成为第一个标记此记录!

MARC

LEADER 00000nam a2200000 4500
020 |a 0435840800  |c NA 
040 |a MUL  |b eng.  |e AACR 
082 |a 330.1 BLA 
100 |a Mark Blaug 
245 |a Economic theory in retrospect  |c / Mark Blaug 
250 |a 2nd ed. 
260 |a London :  |b Heinemann Educational Books,   |c 1977 
300 |a xxiv, 710 p. :  |b ill. ;  |c 24 cm. 
504 |a Includes references and index. 
546 |a eng. 
650 |a Economics History 
650 |a Economics 
942 |c BK 
999 |c 9436  |d 9436